| 000 | 00959nam a2200217Ia 4500 | ||
|---|---|---|---|
| 001 | 9931 | ||
| 003 | GE_BSU | ||
| 008 | 181216s||||||||xx |||||||||||||| ||und|| | ||
| 040 | _cGE_BSU | ||
| 080 | _a821.353.1–82 | ||
| 245 | _aმზის სიმღერა | ||
| 245 | _bსაქ.მედიცინის მუშაკთა პროფკავშირის თბილ.ლიტ.წრის კრებული | ||
| 245 | _cრედ.ი.პავლიაშვილი.მხატვ.ო.მესხი | ||
| 260 | _aთბილისი | ||
| 260 | _bლიტერატურა და ხელოვნება | ||
| 260 | _c1968 | ||
| 300 | _a157გვ.1ფ.პორტრ.20სმ. | ||
| 653 | _aმზის სიმღერა | ||
| 653 | _aსაქ.მედიცინის მუშაკთა პროფკავშირის თბილ.ლიტ.წრის კრებული | ||
| 942 | _cBK | ||
| 999 |
_c43206 _d43206 |
||